Renewable energy resources / (Record no. 27509)

000 -LEADER
fixed length control field 03035cam a22005298i 4500
001 - CONTROL NUMBER
control field 9780429452161
003 - CONTROL NUMBER IDENTIFIER
control field FlBoTFG
005 - DATE AND TIME OF LATEST TRANSACTION
control field 20240802122159.0
006 - FIXED-LENGTH DATA ELEMENTS--ADDITIONAL MATERIAL CHARACTERISTICS
fixed length control field m o d
007 - PHYSICAL DESCRIPTION FIXED FIELD--GENERAL INFORMATION
fixed length control field cr |||||||||||
008 - FIXED-LENGTH DATA ELEMENTS--GENERAL INFORMATION
fixed length control field 201127s2021 nyu ob 001 0 eng
020 ## - INTERNATIONAL STANDARD BOOK NUMBER
International Standard Book Number 9780429452161
Qualifying information (ebook)
International Standard Book Number 0429452160
International Standard Book Number 9780429838873
Qualifying information (electronic bk. : EPUB)
International Standard Book Number 0429838875
Qualifying information (electronic bk. : EPUB)
International Standard Book Number 9780429838880
Qualifying information (electronic bk. : PDF)
International Standard Book Number 0429838883
Qualifying information (electronic bk. : PDF)
International Standard Book Number 9780429838866
Qualifying information (electronic bk. : Mobipocket)
International Standard Book Number 0429838867
Qualifying information (electronic bk. : Mobipocket)
Canceled/invalid ISBN 9781138322264
Qualifying information (hardback)
Canceled/invalid ISBN 9780415633581
Qualifying information (paperback)
035 ## - SYSTEM CONTROL NUMBER
System control number (OCoLC)1224583169
System control number (OCoLC-P)1224583169
040 ## - CATALOGING SOURCE
Original cataloging agency OCoLC-P
Language of cataloging eng
Description conventions rda
Transcribing agency OCoLC-P
050 00 - LIBRARY OF CONGRESS CALL NUMBER
Classification number TJ808
072 #7 - SUBJECT CATEGORY CODE
Subject category code SCI
Subject category code subdivision 024000
Source bisacsh
Subject category code TEC
Subject category code subdivision 031010
Source bisacsh
Subject category code ARC
Subject category code subdivision 018000
Source bisacsh
Subject category code PHDY
Source bicssc
082 00 - DEWEY DECIMAL CLASSIFICATION NUMBER
Classification number 621.042
Edition number 23
100 1# - MAIN ENTRY--PERSONAL NAME
Personal name Twidell, John,
Relator term author.
245 10 - TITLE STATEMENT
Title Renewable energy resources /
Statement of responsibility, etc. John Twidell ; from previous editions with Tony Weir.
250 ## - EDITION STATEMENT
Edition statement 4th edition.
264 #1 - PRODUCTION, PUBLICATION, DISTRIBUTION, MANUFACTURE, AND COPYRIGHT NOTICE
Place of production, publication, distribution, manufacture New York :
Name of producer, publisher, distributor, manufacturer Routledge,
Date of production, publication, distribution, manufacture, or copyright notice 2021.
300 ## - PHYSICAL DESCRIPTION
Extent 1 online resource
336 ## - CONTENT TYPE
Content type term text
Content type code txt
Source rdacontent
337 ## - MEDIA TYPE
Media type term computer
Media type code c
Source rdamedia
338 ## - CARRIER TYPE
Carrier type term online resource
Carrier type code cr
Source rdacarrier
520 ## - SUMMARY, ETC.
Summary, etc. "Renewable Energy Resources is a numerate and quantitative text. It covers the many renewables technologies implemented worldwide by harnessing sustainable resources, mitigating pollution and climate change, and providing cost effective services. This 4th edition is extensively updated by John Twidell with global developments as underpinned by fundamental analysis and illustrated by case studies and worked examples. Efficiency of end-use and cost effectiveness is emphasized. Each chapter begins with fundamental scientific theory, and then considers applications, environmental impact and socio-economic aspects, before concluding with Quick Questions for self-revision, Problems and new Exercises. Basic theory underlying the technologies is covered in succinct Reviews of electrical power, fluid dynamics, heat transfer and solid-state physics. Common symbols and cross-referencing apply throughout; essential data are tabulated in Appendices. Renewable Energy Resources supports multi-disciplinary master's degrees in science and engineering, and specialist modules at undergraduate level. Practicing scientists and engineers will find it a useful introductory text and reference book"--
Assigning source Provided by publisher
588 ## - SOURCE OF DESCRIPTION NOTE
Source of description note OCLC-licensed vendor bibliographic record.
650 #0 - SUBJECT ADDED ENTRY--TOPICAL TERM
Topical term or geographic name entry element Renewable energy sources.
Topical term or geographic name entry element SCIENCE / Energy
Source of heading or term bisacsh
700 1# - ADDED ENTRY--PERSONAL NAME
Personal name Weir, Anthony D.,
Relator term author.
856 40 - ELECTRONIC LOCATION AND ACCESS
Materials specified Taylor & Francis
Uniform Resource Identifier <a href="https://www.taylorfrancis.com/books/9780429452161">https://www.taylorfrancis.com/books/9780429452161</a>
Materials specified OCLC metadata license agreement
Uniform Resource Identifier <a href="http://www.oclc.org/content/dam/oclc/forms/terms/vbrl-201703.pdf">http://www.oclc.org/content/dam/oclc/forms/terms/vbrl-201703.pdf</a>
942 ## - ADDED ENTRY ELEMENTS (KOHA)
Source of classification or shelving scheme
Koha item type E-Book

No items available.

Designed and Maintained by IMU-KC Library, Kolkata Campus © Copyright All Rights Reserved

webs counters

Powered by Koha